000
00318nam a2200109Ia 4500
008
200302s9999 xx 000 0 und d
100
_a
Marian Keeler & Bill Burke
245
_a
Fundamentals of Integrated Design for Sustainable Building
260
_b
John Willey & Sons Ltd., Publication
260
_c
2009
300
_a
338
999
_c
5309
_d
5309